000 00528nam a2200193 a 4500
001 1769948271026
003 YourLibrary
005 20260201175205.0
008 260201s2004##################000#0#eng##
020 _a9780387401003
082 0 4 _a332.0151922
_bSHR
100 1 _aShreve, Steven,
_eauthor.
245 1 0 _aStochastic Calculus for Finance I :
260 _bSpringer Science & Business Media,
_c2004.
300 _a209 pages
650 0 _aMathematics.
942 _cENGLISH
040 _aYourLibrary
_beng
_cYourLibrary
999 _c609991
_d609991